[Event "Olongapo City Puregold op-B"]
[Site "Olongapo City"]
[Date "2015.11.17"]
[Round "1"]
[White "Ruaya, Virgen Gil"]
[Black "Sherwin, James T"]
[Result "0-1"]
[WhiteElo "2117"]
[BlackElo "2206"]
[PlyCount "120"]
[EventDate "2015.11.17"]
[EventType "swiss"]
[EventRounds "9"]
[EventCountry "PHI"]
[SourceTitle "EXT 2017"]
[Source "ChessBase"]
[SourceDate "2016.10.25"]
[SourceVersion "1"]
[SourceVersionDate "2016.10.25"]
[SourceQuality "1"]

1. Nf3 d5 2. d4 Nf6 3. Nbd2 e6 4. e3 c5 5. c3 Nbd7 6. Bd3 Qc7 7. Qe2 b6 8. 0-0 Bb7 9. e4 cxd4 10. Nxd4 Be7 11. Re1 dxe4 12. Nxe4 0-0 13. Bg5 Rfe8 14. Ng3 Nd5 15. Qh5 N7f6 16. Bxf6 Nxf6 17. Qe5 Bd6 18. Qe2 a6 19. Rad1 g6 20. Nf3 Nd5 21. Ne4 Be7 22. Bc2 Nf4 23. Qe3 f5 24. Ng3 Bc5 25. Qe5 Qxe5 26. Rxe5 Rad8 27. Rxd8 Rxd8 28. Ne2 Nd3 29. Bxd3 Rxd3 30. Ne1 Rd2 31. Nd4 Bd5 32. Re2 Rd1 33. b3 Bxd4 34. cxd4 Rxd4 35. f3 Rd1 36. Kf2 Kf7 37. Rc2 a5 38. Ke2 Ra1 39. Nd3 a4 40. Ne5+ Ke7 41. f4 axb3 42. axb3 Rg1 43. Ke3 Rxg2 44. Rc7+ Kd6 45. Rxh7 Kc5 46. Nd7+ Kb5 47. b4 Rb2 48. Ne5 Rb3+ 49. Kd2 Rxb4 50. Nxg6 Kc4 51. h4 Rb2+ 52. Ke3 Rb3+ 53. Kd2 Kd4 54. h5 Rh3 55. h6 b5 56. Rh8 b4 57. Ne7 Rh2+ 58. Kc1 Bc4 59. Rd8+ Kc3 60. Ng8 b3 0-1

[Event "PHI-ch U20"]
[Site "San Antonio"]
[Date "2014.04.23"]
[Round "5"]
[White "Ruaya, Virgen Gil"]
[Black "Nazario, Marc Christian"]
[Result "1/2-1/2"]
[WhiteElo "2096"]
[BlackElo "2139"]
[PlyCount "114"]
[EventDate "2014.04.21"]
[EventType "swiss"]
[EventRounds "11"]
[EventCountry "PHI"]
[SourceTitle "CBM 160 Extra"]
[Source "ChessBase"]
[SourceDate "2014.07.01"]
[SourceVersion "1"]
[SourceVersionDate "2014.07.01"]
[SourceQuality "1"]

1. d4 Nf6 2. Nf3 g6 3. Nc3 d5 4. Bf4 Bg7 5. e3 0-0 6. Bd3 b6 7. h3 Bb7 8. 0-0 a6 9. Re1 Ne4 10. Bxe4 dxe4 11. Ng5 c5 12. Ngxe4 cxd4 13. exd4 Bxd4 14. Be3 Nc6 15. Qe2 Bxe3 16. Qxe3 Nb4 17. Rad1 Qc7 18. Qh6 f6 19. a3 Nxc2 20. Re2 Bxe4 21. Rxe4 e5 22. Nd5 Qg7 23. Qxg7+ Kxg7 24. Nxb6 Rab8 25. Rd2 Rxb6 26. Rxc2 Rf7 27. f4 exf4 28. Rxf4 Rfb7 29. b4 Rd6 30. Kf2 Rbd7 31. Re4 Rd2+ 32. Rxd2 Rxd2+ 33. Re2 Rd3 34. Re3 Rd2+ 35. Kf3 h5 36. h4 Ra2 37. Rc3 g5 38. hxg5 fxg5 39. g3 Kf7 40. Ke4 Rf2 41. Ke5 Rf6 42. a4 Kg6 43. Kd5 h4 44. b5 axb5 45. axb5 hxg3 46. Rxg3 Rf1 47. Rb3 g4 48. b6 Rf8 49. b7 Rb8 50. Kc6 Kf5 51. Kc7 Rg8 52. Rb5+ Kf4 53. Rb6 Rg7+ 54. Kd6 Rxb7 55. Rxb7 g3 56. Rf7+ Ke3 57. Re7+ Kf2 1/2-1/2

[Event "PHI-ch sf"]
[Site "Manila"]
[Date "2014.??.??"]
[Round "4"]
[White "Ruaya, Virgen Gil"]
[Black "Medina, Vince Angelo"]
[Result "1/2-1/2"]
[WhiteElo "2095"]
[BlackElo "2140"]
[PlyCount "66"]
[EventDate "2014.03.??"]
[EventType "swiss"]
[EventRounds "9"]
[EventCountry "PHI"]
[SourceTitle "EXT 2016"]
[Source "ChessBase"]
[SourceDate "2015.10.08"]
[SourceVersion "1"]
[SourceVersionDate "2015.10.08"]
[SourceQuality "1"]

1. d4 e5 2. g3 exd4 3. Qxd4 Nc6 4. Qe3+ Nge7 5. b3 d5 6. Bb2 d4 7. Qd2 g6 8. Nf3 Bg7 9. Bg2 0-0 10. 0-0 Be6 11. Na3 Qd7 12. Rad1 Rad8 13. Qc1 Bh3 14. c3 Bxg2 15. Kxg2 Qg4 16. cxd4 Nxd4 17. Bxd4 Bxd4 18. Qxc7 Nd5 19. Qc4 Nf4+ 20. Kh1 Bb2 21. Qxf4 Qxf4 22. gxf4 Bxa3 23. Kg2 Rc8 24. Rd2 a5 25. Rfd1 Bb4 26. Rd7 Rc2 27. Rxb7 Rxe2 28. Rdd7 Rxa2 29. Ne5 Rd2 30. Kf3 Rxd7 31. Rxd7 Bc3 32. Nc6 Kg7 33. Rd3 Bb4 1/2-1/2